00757nam a2200193 a 450000100100000000500170001000800410002702000150006804000250008308200150010810000300012324500590015326000310021230000360024350000330027995201130031295201210042599900170054600003639020200930075714.0120116s1984 sp ad 000 0 spa d a8475920470 aDO-SdBNPbspacBNPHU axxxxbP2261 aPardell Alenta, H.96258713aLo fundamental en hipertensión /cH. Pardell Alenta. aBarcelona :bDoyma,c1984. a79 p. :bil., diagrs. ;c21 cm. aSegunda reimpresión, 1987. 001050718MOaGRbGRcCTd2012-01-16iLF1l0oxxxx P226p36391-10r2020-06-25w2020-06-25y1ZNo se presta 0010507-18MOaGRbGRcOId2012-01-16iLF1l0ono está fisicop36391-20r2020-06-25w2020-06-25y1ZNo se presta c35881d35881